Central Library OPAC University of Rajshahi

Overtures to death and other poems,/ (Record no. 77386)

MARC details
000 -LEADER
fixed length control field 00770cam a22002771 4500
001 - CONTROL NUMBER
control field 77386
003 - CONTROL NUMBER IDENTIFIER
rucl marc code BD-RjUL
005 - DATE AND TIME OF LATEST TRANSACTION
control field 20211209082951.0
008 - FIXED-LENGTH DATA ELEMENTS--GENERAL INFORMATION
fixed length control field 200319s19381948xx 000 0 eng
035 ## - SYSTEM CONTROL NUMBER
System control number (BD-RjUL)
System control number (OCoLC)1114389
040 ## - CATALOGING SOURCE
Original cataloging agency DLC
Transcribing agency DeU
Modifying agency OCoLC
-- DLC
Language of cataloging eng
041 ## - LANGUAGE CODE
Language code of text/sound track or separate title eng
042 ## - AUTHENTICATION CODE
Authentication code premarc
082 ## - DEWEY DECIMAL CLASSIFICATION NUMBER
Edition number 19
Classification number 821.91
Author mark and year LEO 1948
100 2# - MAIN ENTRY--PERSONAL NAME
Personal name Day Lewis, C.
Fuller form of name (Cecil),
Dates associated with a name 1904-1972.
9 (RLIN) 241126
245 10 - TITLE STATEMENT
Title Overtures to death and other poems,/
Statement of responsibility, etc. by C. Day Lewis.
250 ## - EDITION STATEMENT
Edition statement [1st ed.]
260 ## - PUBLICATION, DISTRIBUTION, ETC. (IMPRINT)
Place of publication, distribution, etc. London:
Name of publisher, distributor, etc. J. Cape
Date of publication, distribution, etc. [1938]
300 ## - PHYSICAL DESCRIPTION
Pagination 62 p.;
Size 21 cm.
650 ## - SUBJECT ADDED ENTRY--TOPICAL TERM
Topical term or geographic name as entry element english poetry
9 (RLIN) 241127
906 ## - LOCAL DATA ELEMENT F, LDF (RLIN)
a 7
b cbc
c oclcrpl
d u
e ncip
f 19
g y-gencatlg
942 ## - ADDED ENTRY ELEMENTS (KOHA)
Source of classification or shelving scheme Dewey Decimal Classification
Koha item type Books
Holdings
Lost status Source of classification or shelving scheme Damaged status Not for loan Collection code Permanent Location Current Location Shelving location Date acquired Source of acquisition Cost, normal purchase price Total Checkouts Full call number Date last seen Copy number Koha item type
  Dewey Decimal Classification     Non-fiction Central Library, University of Rajshahi Central Library, University of Rajshahi   04/04/1964 Zeitlinger 8.00   821.91 LEO 1948 19/03/2020 C-2 Books